<?xml version="1.0" encoding="UTF-8"?>
<record
    xmlns:xsi="http://www.w3.org/2001/XMLSchema-instance"
    xsi:schemaLocation="http://www.loc.gov/MARC21/slim http://www.loc.gov/standards/marcxml/schema/MARC21slim.xsd"
    xmlns="http://www.loc.gov/MARC21/slim">

  <leader>01265nrm a2200325 i 4500</leader>
  <controlfield tag="005">20250114094828.0</controlfield>
  <controlfield tag="008">250112s2019    my a   gr     0   gleng d</controlfield>
  <datafield tag="024" ind1=" " ind2=" ">
    <subfield code="a">9557585000884</subfield>
    <subfield code="c">RM 49.90</subfield>
    <subfield code="d">SPM 88</subfield>
  </datafield>
  <datafield tag="040" ind1=" " ind2=" ">
    <subfield code="a">PPAK</subfield>
    <subfield code="b">eng</subfield>
    <subfield code="c">PPAK</subfield>
    <subfield code="e">rda</subfield>
  </datafield>
  <datafield tag="082" ind1="0" ind2="4">
    <subfield code="a">794.1</subfield>
    <subfield code="2">23</subfield>
  </datafield>
  <datafield tag="090" ind1="0" ind2="0">
    <subfield code="a">794.1</subfield>
    <subfield code="b">SHA</subfield>
    <subfield code="d">RK</subfield>
  </datafield>
  <datafield tag="245" ind1="0" ind2="0">
    <subfield code="a">SHAHS CHESS &amp; CHECKERS = </subfield>
    <subfield code="b">SHAHS CATUR &amp; DAM </subfield>
    <subfield code="h">[board game]</subfield>
  </datafield>
  <datafield tag="246" ind1="3" ind2=" ">
    <subfield code="a">SPM 88 Shahs Standard 2 In 1 chess &amp; checkers set</subfield>
  </datafield>
  <datafield tag="246" ind1="3" ind2=" ">
    <subfield code="a">Shahs Standard 2 In 1 chess &amp; checkers set</subfield>
  </datafield>
  <datafield tag="246" ind1="3" ind2=" ">
    <subfield code="a">Chess &amp; Checkers</subfield>
  </datafield>
  <datafield tag="264" ind1=" " ind2="1">
    <subfield code="a">Puchong, Selangor, Malaysia : </subfield>
    <subfield code="b">SPM Syarikat Permainan (Malaysia) Sdn. Bhd., </subfield>
    <subfield code="c">2019</subfield>
  </datafield>
  <datafield tag="300" ind1=" " ind2=" ">
    <subfield code="a">1 set (1 playing boards, 1x set of black and white chess pieces, 1x set of dam pieces black and white)</subfield>
    <subfield code="c">in box , 37 cm x 19 cm + </subfield>
    <subfield code="e">1 instruction manual</subfield>
  </datafield>
  <datafield tag="336" ind1=" " ind2=" ">
    <subfield code="a">three-dimensional form</subfield>
    <subfield code="2">rdacontent</subfield>
  </datafield>
  <datafield tag="337" ind1=" " ind2=" ">
    <subfield code="a">unmediated</subfield>
    <subfield code="2">rdamedia</subfield>
  </datafield>
  <datafield tag="338" ind1=" " ind2=" ">
    <subfield code="a">object</subfield>
    <subfield code="2">rdacarrier</subfield>
  </datafield>
  <datafield tag="490" ind1="1" ind2=" ">
    <subfield code="a">SPM Games ; </subfield>
    <subfield code="v">88</subfield>
  </datafield>
  <datafield tag="500" ind1=" " ind2=" ">
    <subfield code="a">Standard Set 2 In 1 chess &amp; checkers set.</subfield>
  </datafield>
  <datafield tag="500" ind1=" " ind2=" ">
    <subfield code="a">The King piece height is 90mm and dam piece diameter is 30mm.</subfield>
  </datafield>
  <datafield tag="521" ind1=" " ind2=" ">
    <subfield code="a">2 players, 7+ age</subfield>
  </datafield>
  <datafield tag="650" ind1="1" ind2="0">
    <subfield code="a">Chess </subfield>
  </datafield>
  <datafield tag="650" ind1="2" ind2="0">
    <subfield code="a">Checkers</subfield>
  </datafield>
  <datafield tag="650" ind1="2" ind2="0">
    <subfield code="a">Indoor games</subfield>
  </datafield>
  <datafield tag="830" ind1=" " ind2="0">
    <subfield code="a">SPM Games ; </subfield>
    <subfield code="n">88</subfield>
  </datafield>
  <datafield tag="942" ind1=" " ind2=" ">
    <subfield code="2">ddc</subfield>
    <subfield code="c">GAM</subfield>
  </datafield>
  <datafield tag="999" ind1=" " ind2=" ">
    <subfield code="c">198396</subfield>
    <subfield code="d">198396</subfield>
  </datafield>
  <datafield tag="952" ind1=" " ind2=" ">
    <subfield code="0">0</subfield>
    <subfield code="1">0</subfield>
    <subfield code="2">ddc</subfield>
    <subfield code="4">0</subfield>
    <subfield code="7">1</subfield>
    <subfield code="b">SP</subfield>
    <subfield code="c">RK</subfield>
    <subfield code="d">2025-01-13</subfield>
    <subfield code="i">2024</subfield>
    <subfield code="l">0</subfield>
    <subfield code="o">RK 794.1 SHA</subfield>
    <subfield code="p">A01846271</subfield>
    <subfield code="r">2025-01-13 12:22:34</subfield>
    <subfield code="v">49.90</subfield>
    <subfield code="y">GAM</subfield>
  </datafield>
  <datafield tag="952" ind1=" " ind2=" ">
    <subfield code="0">0</subfield>
    <subfield code="1">0</subfield>
    <subfield code="2">ddc</subfield>
    <subfield code="4">0</subfield>
    <subfield code="7">1</subfield>
    <subfield code="b">KM</subfield>
    <subfield code="c">RK</subfield>
    <subfield code="d">2025-01-13</subfield>
    <subfield code="i">2024</subfield>
    <subfield code="l">0</subfield>
    <subfield code="o">RK 794.1 SHA</subfield>
    <subfield code="p">A01846274</subfield>
    <subfield code="r">2025-01-13 12:22:34</subfield>
    <subfield code="v">49.90</subfield>
    <subfield code="y">GAM</subfield>
  </datafield>
  <datafield tag="952" ind1=" " ind2=" ">
    <subfield code="0">0</subfield>
    <subfield code="1">0</subfield>
    <subfield code="2">ddc</subfield>
    <subfield code="4">0</subfield>
    <subfield code="7">1</subfield>
    <subfield code="b">BL</subfield>
    <subfield code="c">RK</subfield>
    <subfield code="d">2025-01-13</subfield>
    <subfield code="i">2024</subfield>
    <subfield code="l">0</subfield>
    <subfield code="o">RK 794.1 SHA</subfield>
    <subfield code="p">A01846275</subfield>
    <subfield code="r">2025-01-13 12:22:34</subfield>
    <subfield code="v">49.90</subfield>
    <subfield code="y">GAM</subfield>
  </datafield>
  <datafield tag="952" ind1=" " ind2=" ">
    <subfield code="0">0</subfield>
    <subfield code="1">0</subfield>
    <subfield code="2">ddc</subfield>
    <subfield code="4">0</subfield>
    <subfield code="7">1</subfield>
    <subfield code="b">BB</subfield>
    <subfield code="c">RK</subfield>
    <subfield code="d">2025-01-13</subfield>
    <subfield code="i">2024</subfield>
    <subfield code="l">0</subfield>
    <subfield code="o">RK 794.1 SHA</subfield>
    <subfield code="p">A01846276</subfield>
    <subfield code="r">2025-01-13 12:22:34</subfield>
    <subfield code="v">49.90</subfield>
    <subfield code="y">GAM</subfield>
  </datafield>
  <datafield tag="952" ind1=" " ind2=" ">
    <subfield code="0">0</subfield>
    <subfield code="1">0</subfield>
    <subfield code="2">ddc</subfield>
    <subfield code="4">0</subfield>
    <subfield code="7">1</subfield>
    <subfield code="b">MR</subfield>
    <subfield code="c">RK</subfield>
    <subfield code="d">2025-01-13</subfield>
    <subfield code="i">2024</subfield>
    <subfield code="l">0</subfield>
    <subfield code="o">RK 794.1 SHA</subfield>
    <subfield code="p">A01846277</subfield>
    <subfield code="r">2025-01-13 12:22:34</subfield>
    <subfield code="v">49.90</subfield>
    <subfield code="y">GAM</subfield>
  </datafield>
  <datafield tag="952" ind1=" " ind2=" ">
    <subfield code="0">0</subfield>
    <subfield code="1">0</subfield>
    <subfield code="2">ddc</subfield>
    <subfield code="4">0</subfield>
    <subfield code="7">1</subfield>
    <subfield code="b">YN</subfield>
    <subfield code="c">RK</subfield>
    <subfield code="d">2025-01-13</subfield>
    <subfield code="i">2024</subfield>
    <subfield code="l">0</subfield>
    <subfield code="o">RK 794.1 SHA</subfield>
    <subfield code="p">A01846278</subfield>
    <subfield code="r">2025-01-13 12:22:34</subfield>
    <subfield code="v">49.90</subfield>
    <subfield code="y">GAM</subfield>
  </datafield>
  <datafield tag="952" ind1=" " ind2=" ">
    <subfield code="0">0</subfield>
    <subfield code="1">0</subfield>
    <subfield code="2">ddc</subfield>
    <subfield code="4">0</subfield>
    <subfield code="7">1</subfield>
    <subfield code="b">SK</subfield>
    <subfield code="c">RK</subfield>
    <subfield code="d">2025-01-13</subfield>
    <subfield code="i">2024</subfield>
    <subfield code="l">0</subfield>
    <subfield code="o">RK 794.1 SHA</subfield>
    <subfield code="p">A01846279</subfield>
    <subfield code="r">2025-01-13 12:22:34</subfield>
    <subfield code="v">49.90</subfield>
    <subfield code="y">GAM</subfield>
  </datafield>
  <datafield tag="952" ind1=" " ind2=" ">
    <subfield code="0">0</subfield>
    <subfield code="1">0</subfield>
    <subfield code="2">ddc</subfield>
    <subfield code="4">0</subfield>
    <subfield code="7">1</subfield>
    <subfield code="b">KN</subfield>
    <subfield code="c">RK</subfield>
    <subfield code="d">2025-01-13</subfield>
    <subfield code="i">2024</subfield>
    <subfield code="l">0</subfield>
    <subfield code="o">RK 794.1 SHA</subfield>
    <subfield code="p">A01846280</subfield>
    <subfield code="r">2025-01-13 12:22:34</subfield>
    <subfield code="v">49.90</subfield>
    <subfield code="y">GAM</subfield>
  </datafield>
  <datafield tag="952" ind1=" " ind2=" ">
    <subfield code="0">0</subfield>
    <subfield code="1">0</subfield>
    <subfield code="2">ddc</subfield>
    <subfield code="4">0</subfield>
    <subfield code="7">1</subfield>
    <subfield code="b">PG</subfield>
    <subfield code="c">RK</subfield>
    <subfield code="d">2025-01-13</subfield>
    <subfield code="i">2024</subfield>
    <subfield code="l">0</subfield>
    <subfield code="o">RK 794.1 SHA</subfield>
    <subfield code="p">A01846281</subfield>
    <subfield code="r">2025-01-13 12:22:34</subfield>
    <subfield code="v">49.90</subfield>
    <subfield code="y">GAM</subfield>
  </datafield>
</record>
